Einkommendiskriminierung von Frauen und geschlechtsabhängige Einkommensdeterminanten.
Metóda na určenie diskriminačných efektov je rozšírená o ďalšie determinanty. Rozlišuje sa medzi priamou a nepriamou diskrimináciou. Na základe dát z troch vĺn nemeckého socio-ekonomického panelu možno ukázať, že nepriama diskriminácia neprevyšuje priamu.
Gespeichert in:
| 1. Verfasser: | |
|---|---|
| Format: | Buchkapitel |
| Sprache: | Deutsch |
| Schlagworte: | |
| Tags: |
Keine Tags, Fügen Sie das erste Tag hinzu!
|
MARC
| LEADER | 00000naa a2200000 4500 | ||
|---|---|---|---|
| 001 | r006947 | ||
| 005 | 20221130103420.3 | ||
| 041 | 0 | |a ger | |
| 044 | |a DE | ||
| 245 | 1 | 0 | |a Einkommendiskriminierung von Frauen und geschlechtsabhängige Einkommensdeterminanten. |c O. Hübler |
| 520 | |a Metóda na určenie diskriminačných efektov je rozšírená o ďalšie determinanty. Rozlišuje sa medzi priamou a nepriamou diskrimináciou. Na základe dát z troch vĺn nemeckého socio-ekonomického panelu možno ukázať, že nepriama diskriminácia neprevyšuje priamu. | ||
| 610 | 2 | 0 | |a mzdy |
| 610 | 2 | 0 | |a ženy |
| 610 | 2 | 0 | |a diskriminácia pracovná |
| 610 | 2 | 0 | |a metódy ekonomicko-matematické |
| 610 | 2 | 0 | |a údaje štatistické |
| 100 | 1 | |a Hübler, O. | |